| 000 | 00468nam a22001697a 4500 | ||
|---|---|---|---|
| 999 |
_c526083 _d526083 |
||
| 003 | NUST | ||
| 020 | _qH/B | ||
| 038 | _awaseem | ||
| 082 |
_a891.493 _bFAR |
||
| 100 |
_aFaridi, Faiz Hussain Qasar _917048 |
||
| 245 |
_aSanwal / _cFaiz Hussain Qasar Faridi |
||
| 260 |
_aRahim Yar Khan, _bSanwal Siriki Adbi Academy, _c1989. |
||
| 300 | _a351 p. ; | ||
| 880 |
_6100-01\r _aفیاض حسین قاصر فریدی |
||
| 880 |
_6245-02\r _aسانول / |
||
| 942 |
_2ddc _cBK |
||